[Event "FRA-ch Accession"]
[Site "Besancon"]
[Date "2006.08.25"]
[Round "10"]
[White "Marie, Maxime"]
[Black "Rigolot, Matthieu"]
[Result "1/2-1/2"]
[WhiteElo "2165"]
[BlackElo "2153"]
[PlyCount "73"]
[EventDate "2006.08.15"]
[EventType "swiss"]
[EventRounds "10"]
[EventCountry "FRA"]
[SourceTitle "CBM 113 Extra"]
[Source "ChessBase"]
[SourceDate "2006.09.14"]
[SourceVersion "1"]
[SourceVersionDate "2006.09.14"]
[SourceQuality "1"]

1. e4 c5 2. Nf3 d6 3. d4 cxd4 4. Nxd4 Nf6 5. Nc3 a6 6. Bg5 e6 7. f4 Qb6 8. Nb3 Nc6 9. Qf3 Bd7 10. 0-0-0 Rc8 11. Kb1 Qc7 12. Bd3 Be7 13. g4 h6 14. h4 Nb4 15. Rhf1 Nxd3 16. cxd3 a5 17. Rc1 Qb6 18. e5 Bc6 19. Qe2 hxg5 20. exf6 gxf6 21. fxg5 fxg5 22. hxg5 Bxg5 23. Ne4 Bxc1 24. Nxd6+ Kd7 25. Qe5 Bf4 26. Qxf4 Qb4 27. Nc4 f6 28. Qxf6 Rcf8 29. Qd4+ Kc8 30. Rc1 Rh1 31. Rxh1 Bxh1 32. a3 Qxb3 33. Qc5+ Kd7 34. Qd6+ Ke8 35. Qxe6+ Kd8 36. Qd6+ Ke8 37. Qe6+ 1/2-1/2

[Event "FRA-ch Accession"]
[Site "Besancon"]
[Date "2006.08.22"]
[Round "7"]
[White "Bonn, Thomas"]
[Black "Rigolot, Matthieu"]
[Result "0-1"]
[WhiteElo "2057"]
[BlackElo "2153"]
[PlyCount "73"]
[EventDate "2006.08.15"]
[EventType "swiss"]
[EventRounds "10"]
[EventCountry "FRA"]
[SourceTitle "CBM 113 Extra"]
[Source "ChessBase"]
[SourceDate "2006.09.14"]
[SourceVersion "1"]
[SourceVersionDate "2006.09.14"]
[SourceQuality "1"]

1. b3 b6 2. Bb2 Bb7 3. c4 Nf6 4. Nf3 e6 5. e3 d5 6. Nc3 Nbd7 7. Be2 Bd6 8. 0-0 0-0 9. Rc1 a6 10. d4 c5 11. dxc5 Nxc5 12. cxd5 exd5 13. Nd4 Be5 14. Bf3 Nce4 15. Nce2 Qd7 16. Ng3 Rfc8 17. Rxc8+ Rxc8 18. Qd3 Rc5 19. Ba1 Qc7 20. Rd1 g6 21. Bxe4 dxe4 22. Qd2 h5 23. Bb2 Ng4 24. Rc1 h4 25. Nge2 Bxh2+ 26. Kf1 Ne5 27. Ba3 Rxc1+ 28. Qxc1 Nd3 29. Qxc7 Bxc7 30. Be7 b5 31. Bxh4 b4 32. Be7 a5 33. Nb5 Bb6 34. Kg1 Bd5 35. Nbd4 a4 36. Nc2 Bxb3 37. axb3 0-1

[Event "FRA-ch Accession"]
[Site "Besancon"]
[Date "2006.08.21"]
[Round "6"]
[White "Rigolot, Matthieu"]
[Black "Lewis, John"]
[Result "1/2-1/2"]
[WhiteElo "2153"]
[BlackElo "2112"]
[PlyCount "124"]
[EventDate "2006.08.15"]
[EventType "swiss"]
[EventRounds "10"]
[EventCountry "FRA"]
[SourceTitle "CBM 113 Extra"]
[Source "ChessBase"]
[SourceDate "2006.09.14"]
[SourceVersion "1"]
[SourceVersionDate "2006.09.14"]
[SourceQuality "1"]

1. d4 d5 2. c4 e6 3. Nf3 c6 4. g3 Nf6 5. Bg2 Bb4+ 6. Bd2 Be7 7. 0-0 0-0 8. Nc3 b6 9. Qb3 Ba6 10. cxd5 cxd5 11. Ne5 Bb7 12. Rac1 Nbd7 13. Nxd7 Qxd7 14. a4 Bc6 15. Ra1 Rfb8 16. Bf4 Rb7 17. Rfc1 Ne8 18. Qc2 Nd6 19. b3 Nf5 20. Qd3 Bf6 21. Be5 Bxe5 22. dxe5 Rc8 23. Rc2 Rbc7 24. Rac1 Bb7 25. Bh3 Ne7 26. Na2 Rxc2 27. Rxc2 Rxc2 28. Qxc2 Qc6 29. Nb4 Qxc2 30. Nxc2 Nc6 31. f4 a5 32. Kf2 Kf8 33. Ke3 Ba6 34. Kd2 Ke7 35. Bg2 f6 36. e4 fxe5 37. exd5 exd5 38. Bxd5 Kd6 39. Bxc6 Kxc6 40. fxe5 Kd5 41. Kc3 Kxe5 42. Ne3 g6 43. Nc4+ Bxc4 44. Kxc4 Kd6 45. Kd4 Ke6 46. Ke4 h5 47. g4 hxg4 48. Kf4 Kf6 49. Kxg4 Ke6 50. Kg5 Kf7 51. Kh6 Kf6 52. h4 Kf5 53. Kg7 g5 54. hxg5 Kxg5 55. Kf7 Kf5 56. Ke7 Ke5 57. Kd7 Kd5 58. Kc7 Kc5 59. Kb7 b5 60. axb5 Kxb5 61. Ka7 a4 62. bxa4+ Kxa4 1/2-1/2

[Event "FRA-chT U20"]
[Site "Pau"]
[Date "2005.12.20"]
[Round "7"]
[White "Coustance, Kevin"]
[Black "Rigolot, Matthieu"]
[Result "1-0"]
[WhiteElo "2140"]
[BlackElo "2174"]
[PlyCount "49"]
[EventDate "2005.12.??"]
[EventType "team-tourn"]
[EventRounds "11"]
[EventCountry "FRA"]
[SourceTitle "EXT 2007"]
[Source "ChessBase"]
[SourceDate "2006.11.23"]
[SourceVersion "1"]
[SourceVersionDate "2006.11.23"]
[SourceQuality "1"]
[WhiteTeam "Pau"]
[BlackTeam "Paris NAO"]
[WhiteTeamCountry "FRA"]
[BlackTeamCountry "FRA"]

1. c4 Nf6 2. g3 e6 3. Bg2 d5 4. d4 c6 5. Nf3 Bd6 6. 0-0 0-0 7. cxd5 exd5 8. Nc3 Re8 9. a3 Bf5 10. Nh4 Bg4 11. Re1 Nbd7 12. b4 a6 13. Qc2 Nb6 14. Rb1 Qd7 15. a4 h6 16. b5 axb5 17. axb5 Nc4 18. e4 g5 19. Nf3 Nxe4 20. Nxe4 dxe4 21. Nxg5 hxg5 22. Qxc4 Qf5 23. bxc6 bxc6 24. Qxc6 Rad8 25. Rb5 1-0

[Event "FRA-chT U20"]
[Site "Pau"]
[Date "2005.12.19"]
[Round "6"]
[White "Rigolot, Matthieu"]
[Black "Benassayag, Lucas"]
[Result "1/2-1/2"]
[WhiteElo "2174"]
[BlackElo "2017"]
[PlyCount "110"]
[EventDate "2005.12.??"]
[EventType "team-tourn"]
[EventRounds "11"]
[EventCountry "FRA"]
[SourceTitle "EXT 2007"]
[Source "ChessBase"]
[SourceDate "2006.11.23"]
[SourceVersion "1"]
[SourceVersionDate "2006.11.23"]
[SourceQuality "1"]
[WhiteTeam "Paris NAO"]
[BlackTeam "Cannes"]
[WhiteTeamCountry "FRA"]
[BlackTeamCountry "FRA"]

1. d4 Nf6 2. c4 c5 3. d5 e5 4. Nc3 d6 5. e4 Be7 6. Bd3 Nbd7 7. Be3 a6 8. a4 0-0 9. g4 Ne8 10. Qd2 g6 11. Nge2 Ng7 12. Bh6 Nf6 13. f3 Kh8 14. 0-0-0 Ng8 15. Be3 f5 16. exf5 gxf5 17. h3 Bd7 18. Qc2 Bg5 19. f4 exf4 20. Nxf4 Nh6 21. Qd2 Nf7 22. gxf5 Nxf5 23. Bxf5 Bxf5 24. Ne6 Bxe3 25. Qxe3 Bxe6 26. dxe6 Ne5 27. Ne4 Rf3 28. Qh6 Qe7 29. Rxd6 Raf8 30. Rhd1 Rf1 31. Qg5 Qxg5+ 32. Nxg5 Kg7 33. R6d5 Nxc4 34. Rd7+ Kg6 35. e7 Rxd1+ 36. Kxd1 Re8 37. Ne4 Kf7 38. Rxb7 Rxe7 39. Rxe7+ Kxe7 40. b3 Ne3+ 41. Kd2 Nd5 42. Nxc5 Nf4 43. h4 h5 44. Nxa6 Ng6 45. b4 Nxh4 46. b5 Kd7 47. a5 Nf5 48. Nc5+ Kc7 49. b6+ Kb8 50. a6 Nd6 51. b7 Ka7 52. Ke3 Nf5+ 53. Kf4 Ne7 54. Kg5 Nc6 55. Kxh5 Nb8 1/2-1/2

[Event "FRA-chT U20"]
[Site "Pau"]
[Date "2005.12.19"]
[Round "5"]
[White "Sauvan, Olivier"]
[Black "Rigolot, Matthieu"]
[Result "1/2-1/2"]
[WhiteElo "2096"]
[BlackElo "2176"]
[PlyCount "54"]
[EventDate "2005.12.??"]
[EventType "team-tourn"]
[EventRounds "11"]
[EventCountry "FRA"]
[SourceTitle "EXT 2007"]
[Source "ChessBase"]
[SourceDate "2006.11.23"]
[SourceVersion "1"]
[SourceVersionDate "2006.11.23"]
[SourceQuality "1"]
[WhiteTeam "Montpellier"]
[BlackTeam "Paris NAO"]
[WhiteTeamCountry "FRA"]
[BlackTeamCountry "FRA"]

1. d4 Nf6 2. c4 e6 3. Nf3 b6 4. Nc3 d5 5. Qc2 Bb7 6. Bg5 Be7 7. e3 0-0 8. Bd3 h6 9. Bh4 Na6 10. a3 c5 11. 0-0 cxd4 12. Nxd4 Rc8 13. b3 Nc5 14. Be2 Nce4 15. Nxe4 Nxe4 16. Bxe7 Qxe7 17. Qb2 Rfd8 18. f3 Nd6 19. cxd5 exd5 20. Qd2 Re8 21. Kf2 Qh4+ 22. Kg1 Re5 23. Bd3 Rce8 24. Rae1 Qe7 25. Kf2 Qh4+ 26. Kg1 Qe7 27. Kf2 Qh4+ 1/2-1/2

[Event "FRA-chT U20a 0405"]
[Site "France"]
[Date "2005.05.15"]
[Round "9.2"]
[White "Rigolot, Matthieu"]
[Black "L'Huillier, Thibaud"]
[Result "1-0"]
[WhiteElo "2135"]
[BlackElo "2142"]
[PlyCount "93"]
[EventDate "2004.11.19"]
[EventType "team-tourn"]
[EventRounds "11"]
[EventCountry "FRA"]
[SourceTitle "EXT 2006"]
[Source "ChessBase"]
[SourceDate "2005.11.24"]
[SourceVersion "1"]
[SourceVersionDate "2005.11.24"]
[SourceQuality "1"]

1. d4 d5 2. c4 e6 3. g3 c6 4. Bg2 Nf6 5. Nf3 Nbd7 6. 0-0 Be7 7. Nbd2 b6 8. Qc2 Bb7 9. e4 dxe4 10. Nxe4 c5 11. Ne5 Nxe4 12. Bxe4 Nxe5 13. Bxb7 Rb8 14. dxe5 Rxb7 15. Rd1 Qb8 16. Qa4+ b5 17. cxb5 0-0 18. Qe4 Rxb5 19. Rd7 Rb4 20. Qf3 Bd8 21. Qc3 Rb7 22. Rxb7 Qxb7 23. Be3 Be7 24. Rd1 Rc8 25. b3 h6 26. Qc4 Qc7 27. Qe4 Rd8 28. Rxd8+ Qxd8 29. Qb7 Qd1+ 30. Kg2 Qd5+ 31. Qxd5 exd5 32. f4 Kf8 33. Kf3 Ke8 34. b4 cxb4 35. Bxa7 g6 36. Ke3 Kd7 37. Kd4 Kc6 38. h3 h5 39. g4 Bh4 40. Ke3 Kb5 41. f5 gxf5 42. gxf5 Bg5+ 43. Kd4 Kc6 44. Bc5 Bd2 45. Kd3 Bf4 46. Bxb4 Bxe5 47. Bc3 1-0

[Event "FRA-chT U20a 0405"]
[Site "France"]
[Date "2005.05.14"]
[Round "8.2"]
[White "Gonzalez, Paul"]
[Black "Rigolot, Matthieu"]
[Result "0-1"]
[WhiteElo "1750"]
[BlackElo "2135"]
[PlyCount "86"]
[EventDate "2004.11.19"]
[EventType "team-tourn"]
[EventRounds "11"]
[EventCountry "FRA"]
[SourceTitle "EXT 2006"]
[Source "ChessBase"]
[SourceDate "2005.11.24"]
[SourceVersion "1"]
[SourceVersionDate "2005.11.24"]
[SourceQuality "1"]

1. d4 Nf6 2. c4 e6 3. Nf3 b6 4. e3 Bb7 5. Bd3 Bb4+ 6. Bd2 c5 7. Bxb4 cxb4 8. Nbd2 a5 9. 0-0 d6 10. Rc1 Qe7 11. Ng5 Na6 12. f4 0-0 13. Nde4 Nxe4 14. Bxe4 Bxe4 15. Nxe4 Rad8 16. Qd3 f5 17. Ng5 h6 18. Nf3 Nb8 19. g3 e5 20. dxe5 dxe5 21. Qb3 exf4 22. exf4 Qc5+ 23. Kg2 Nc6 24. Rfd1 Rfe8 25. Qc2 Nd4 26. Nxd4 Rxd4 27. Rxd4 Qxd4 28. Qf2 Qd3 29. Rc2 Re3 30. Qd2 Qe4+ 31. Kh3 Kh7 32. Qf2 g5 33. Qd2 g4+ 34. Kh4 Qe7+ 35. Kh5 Qe8+ 36. Kh4 Kg6 37. Qd6+ Re6 38. Qc7 Rc6 39. Re2 Re6 40. Qd6 Rxd6 41. Rxe8 Rd2 42. Re6+ Kg7 43. Re7+ Kf6 0-1

[Event "FRA-ch U16"]
[Site "Calvi"]
[Date "2005.04.17"]
[Round "1"]
[White "Savon, Jeremie"]
[Black "Rigolot, Matthieu"]
[Result "1-0"]
[WhiteElo "1880"]
[BlackElo "2135"]
[PlyCount "71"]
[EventDate "2005.04.??"]
[EventType "swiss"]
[EventRounds "9"]
[EventCountry "FRA"]
[SourceTitle "EXT 2006"]
[Source "ChessBase"]
[SourceDate "2005.11.24"]
[SourceVersion "1"]
[SourceVersionDate "2005.11.24"]
[SourceQuality "1"]

1. e4 c5 2. Nf3 d6 3. d3 Nc6 4. Be3 Nf6 5. h3 g6 6. c3 Bg7 7. Nbd2 e5 8. Nc4 0-0 9. Be2 h6 10. 0-0 Qe7 11. Qd2 Kh7 12. b4 b5 13. Na3 a6 14. bxc5 dxc5 15. Qc1 Bb7 16. Rb1 Nd7 17. Nc2 f5 18. exf5 gxf5 19. a4 Rae8 20. axb5 axb5 21. Re1 e4 22. Nh2 Bxc3 23. Bxh6 Rg8 24. Bd2 Bxd2 25. Qxd2 Nd4 26. Bf1 Qh4 27. Nxd4 cxd4 28. Rxb5 Bc6 29. Rxf5 e3 30. Qe2 Rxg2+ 31. Bxg2 exf2+ 32. Qxf2 Rxe1+ 33. Bf1 Qh6 34. Qxe1 Qg6+ 35. Ng4 Qxf5 36. Qh4+ 1-0

[Event "FRA-chT U20 0405"]
[Site "Agneaux"]
[Date "2004.12.20"]
[Round "6.2"]
[White "Rigolot, Matthieu"]
[Black "Delorme, Axel"]
[Result "0-1"]
[WhiteElo "2146"]
[BlackElo "2185"]
[PlyCount "88"]
[EventDate "2004.12.16"]
[EventType "team"]
[EventRounds "7"]
[EventCountry "FRA"]
[SourceTitle "EXT 2006"]
[Source "ChessBase"]
[SourceDate "2005.11.24"]
[SourceVersion "1"]
[SourceVersionDate "2005.11.24"]
[SourceQuality "1"]
[WhiteTeam "Paris NAO"]
[BlackTeam "Sautron"]
[WhiteTeamCountry "FRA"]
[BlackTeamCountry "FRA"]

1. d4 d5 2. c4 c6 3. Nf3 Nf6 4. cxd5 cxd5 5. Nc3 Nc6 6. Bf4 a6 7. Rc1 Bf5 8. Ne5 Qb6 9. Nxc6 bxc6 10. Na4 Qb4+ 11. Bd2 Qb7 12. Qb3 Qxb3 13. axb3 e5 14. dxe5 Nd7 15. e4 Bxe4 16. f3 Bf5 17. Rxc6 Nxe5 18. Rxa6 Rb8 19. Rb6 Rxb6 20. Nxb6 d4 21. Bb5+ Ke7 22. 0-0 Kf6 23. Nd5+ Kg6 24. g4 Bc2 25. Nf4+ Kf6 26. Nh5+ Kg6 27. h3 h6 28. f4 Nd3 29. Bc4 f6 30. f5+ Kh7 31. Bf7 Ne5 32. Bd5 Bc5 33. b4 Bb6 34. Kg2 Rd8 35. Nf4 Rxd5 36. Nxd5 Be4+ 37. Kg3 Bxd5 38. Ra1 Nc4 39. Bf4 d3 40. b3 Ne3 41. Bxe3 Bxe3 42. b5 Bxb3 43. b6 Bxb6 44. Rb1 d2 0-1

[Event "FRA-chT U20 0405"]
[Site "France"]
[Date "2004.11.20"]
[Round "1.2"]
[White "Benassayag, Lucas"]
[Black "Rigolot, Matthieu"]
[Result "0-1"]
[WhiteElo "2006"]
[BlackElo "2157"]
[PlyCount "60"]
[EventDate "2004.11.20"]
[EventType "team-tourn"]
[EventRounds "11"]
[EventCountry "FRA"]
[SourceTitle "CBM 103 Extra"]
[Source "ChessBase"]
[SourceDate "2005.01.01"]
[SourceVersion "1"]
[SourceVersionDate "2005.01.01"]
[SourceQuality "1"]

1. e4 c5 2. Nf3 d6 3. d4 cxd4 4. Nxd4 Nf6 5. Nc3 a6 6. f3 e6 7. Be3 b5 8. g4 Nfd7 9. Qd2 Bb7 10. 0-0-0 Nb6 11. Nb3 N8d7 12. Na5 Qc7 13. Kb1 b4 14. Ne2 d5 15. Ng3 Rc8 16. Nxb7 Qxb7 17. Bd4 Na4 18. Ka1 e5 19. Bf2 d4 20. h4 Rc5 21. g5 Ra5 22. Bc4 Nc3 23. Rdg1 b3 24. bxc3 Rxa2+ 25. Kb1 Rxc2 26. Qxc2 bxc2+ 27. Kxc2 Qc6 28. Kd3 Nb6 29. Bd5 Qxc3+ 30. Ke2 Nxd5 0-1

[Event "La Fere op 3rd"]
[Site "La Fere"]
[Date "2004.07.09"]
[Round "9"]
[White "Rigolot, Matthieu"]
[Black "Lonnoy, Remi"]
[Result "1-0"]
[WhiteElo "2157"]
[BlackElo "2025"]
[PlyCount "65"]
[EventDate "2004.07.03"]
[EventType "swiss"]
[EventRounds "9"]
[EventCountry "FRA"]
[SourceTitle "CBM 101 Extra"]
[Source "ChessBase"]
[SourceDate "2004.09.01"]
[SourceVersion "2"]
[SourceVersionDate "2004.09.01"]
[SourceQuality "1"]

1. d4 Nf6 2. c4 g6 3. Nc3 d5 4. Nf3 Bg7 5. Bg5 Ne4 6. cxd5 Nxg5 7. Nxg5 e6 8. Nf3 exd5 9. b4 c6 10. e3 0-0 11. Bd3 Nd7 12. 0-0 Re8 13. Qc2 Nf6 14. b5 cxb5 15. Nxb5 Re7 16. a4 a6 17. Nc3 Qa5 18. Nd2 Rc7 19. Rfc1 Bf8 20. Nb3 Qb6 21. a5 Qe6 22. Qa2 Bd6 23. Na4 Rxc1+ 24. Rxc1 Nd7 25. Nbc5 Nxc5 26. Nxc5 Qe7 27. Qxd5 Qc7 28. h3 Rb8 29. Rc2 Qe7 30. e4 Bc7 31. Nd7 Qxd7 32. Qxd7 Bxd7 33. Rxc7 1-0

[Event "La Fere op 3rd"]
[Site "La Fere"]
[Date "2004.07.07"]
[Round "7"]
[White "Rigolot, Matthieu"]
[Black "Varoquier, Romain"]
[Result "1-0"]
[WhiteElo "2157"]
[BlackElo "1940"]
[PlyCount "49"]
[EventDate "2004.07.03"]
[EventType "swiss"]
[EventRounds "9"]
[EventCountry "FRA"]
[SourceTitle "CBM 101 Extra"]
[Source "ChessBase"]
[SourceDate "2004.09.01"]
[SourceVersion "2"]
[SourceVersionDate "2004.09.01"]
[SourceQuality "1"]

1. d4 d5 2. c4 e6 3. Nf3 Nf6 4. e3 Be7 5. Nbd2 0-0 6. b3 b6 7. Bd3 Bb7 8. Bb2 Nbd7 9. 0-0 Ne4 10. Qc2 f5 11. Rac1 Rc8 12. Ne1 Bb4 13. Ndf3 Qe7 14. Be2 g5 15. Nd3 g4 16. Nfe5 Nxe5 17. Nxe5 Rf6 18. f3 Bd2 19. fxe4 Bxe3+ 20. Kh1 Rh6 21. Bxg4 Qh4 22. Bh3 dxc4 23. Nf3 cxb3 24. Qxb3 Qxe4 25. Bxf5 1-0

[Event "France-ch U14"]
[Site "Reims"]
[Date "2004.04.19"]
[Round "2"]
[White "Rigolot, Matthieu"]
[Black "Hedjazian, Navid"]
[Result "1-0"]
[WhiteElo "2080"]
[BlackElo "1869"]
[PlyCount "41"]
[EventDate "2004.04.??"]
[EventType "swiss"]
[EventRounds "9"]
[EventCountry "FRA"]
[SourceTitle "EXT 2005"]
[Source "ChessBase"]
[SourceDate "2004.11.15"]
[SourceVersion "1"]
[SourceVersionDate "2004.11.15"]
[SourceQuality "1"]

1. d4 Nf6 2. c4 c5 3. d5 e6 4. Nc3 exd5 5. cxd5 d6 6. Nf3 g6 7. Bf4 a6 8. a4 Bg7 9. h3 0-0 10. Nd2 Qe7 11. Nc4 Rd8 12. e3 Ne8 13. Be2 Nd7 14. 0-0 Ne5 15. Nb6 Rb8 16. Bh2 Nf6 17. e4 Nfd7 18. Nxc8 Rbxc8 19. f4 Nf6 20. fxe5 Nh5 21. Bxh5 1-0

[Event "Bethune op 24th"]
[Site "Bethune"]
[Date "2003.12.26"]
[Round "1"]
[White "Span, Paul"]
[Black "Rigolot, Matthieu"]
[Result "1-0"]
[WhiteElo "2279"]
[BlackElo "2063"]
[PlyCount "101"]
[EventDate "2003.12.26"]
[EventType "swiss"]
[EventRounds "9"]
[EventCountry "FRA"]
[SourceTitle "CBM 098 Extra"]
[Source "ChessBase"]
[SourceDate "2004.03.10"]
[SourceVersion "2"]
[SourceVersionDate "2004.03.10"]
[SourceQuality "1"]

1. e4 c5 2. c3 d5 3. exd5 Qxd5 4. d4 Nf6 5. Nf3 Bg4 6. Be2 e6 7. 0-0 Nc6 8. Na3 cxd4 9. Nb5 Rc8 10. Nbxd4 Bc5 11. Be3 0-0 12. c4 Qd6 13. Nxc6 Rxc6 14. Qxd6 Bxd6 15. Bxa7 Bxf3 16. Bxf3 Rxc4 17. Rad1 Bf4 18. Rd3 b5 19. Rb3 b4 20. Be2 Rc2 21. Bd3 Rd2 22. g3 Rd8 23. gxf4 R8xd3 24. Rxb4 g6 25. Be3 Re2 26. Bd4 Re4 27. Rb8+ Kg7 28. Be5 g5 29. Kh1 Kg6 30. Rg1 h6 31. fxg5 Rxe5 32. gxf6+ Kxf6 33. Rg3 Rxg3 34. hxg3 Re2 35. Kg2 Ke5 36. Kf3 Rc2 37. Ke3 Rc1 38. Rd8 Re1+ 39. Kd2 Rf1 40. Ke2 Rb1 41. Rd2 Ra1 42. a3 f5 43. Rd1 Ra2 44. Rb1 Ke4 45. f3+ Kd4 46. Kd2 e5 47. Kc2 Kc4 48. Re1 e4 49. fxe4 fxe4 50. Rxe4+ Kd5 51. Re1 1-0

[Event "La Fere op 2nd"]
[Site "La Fere"]
[Date "2003.06.28"]
[Round "1"]
[White "Rigolot, Matthieu"]
[Black "Afek, Yochanan"]
[Result "0-1"]
[WhiteElo "1960"]
[BlackElo "2382"]
[PlyCount "46"]
[EventDate "2003.06.28"]
[EventType "swiss"]
[EventRounds "9"]
[EventCountry "FRA"]
[SourceTitle "EXT 2004"]
[Source "ChessBase"]
[SourceDate "2003.11.25"]
[SourceVersion "1"]
[SourceVersionDate "2003.11.25"]
[SourceQuality "1"]

1. d4 d5 2. c4 dxc4 3. Nf3 c5 4. e3 cxd4 5. Qxd4 Qxd4 6. Nxd4 a6 7. Bxc4 e5 8. Nf3 Nc6 9. Nc3 Nf6 10. Bd2 Be7 11. Rc1 0-0 12. Nd5 Nxd5 13. Bxd5 Nb4 14. Bxb4 Bxb4+ 15. Ke2 Bg4 16. Bxb7 Rab8 17. Bd5 Rfd8 18. e4 Rxd5 19. exd5 e4 20. Rc4 exf3+ 21. gxf3 Re8+ 22. Kd3 Bxf3 23. Rhc1 Be2+ 0-1

[Event "FRA-ch U12"]
[Site "Le Grand Bornand"]
[Date "2003.??.??"]
[Round "2.6"]
[White "Mahiouz, Oualid"]
[Black "Rigolot, Matthieu"]
[Result "0-1"]
[WhiteElo "1620"]
[BlackElo "1960"]
[PlyCount "116"]
[EventDate "2003.??.??"]
[EventType "swiss"]
[EventRounds "9"]
[EventCountry "FRA"]
[SourceTitle "EXT 2004"]
[Source "ChessBase"]
[SourceDate "2003.11.25"]
[SourceVersion "1"]
[SourceVersionDate "2003.11.25"]
[SourceQuality "1"]

1. d4 d5 2. c4 c6 3. Nc3 Nf6 4. Nf3 a6 5. e3 b5 6. c5 Bf5 7. Bd3 Bxd3 8. Qxd3 Nbd7 9. 0-0 e5 10. Qe2 e4 11. Nd2 Be7 12. f3 0-0 13. fxe4 b4 14. Nd1 Nxe4 15. Nxe4 dxe4 16. Nf2 Nf6 17. Ng4 Nxg4 18. Qxg4 Qd5 19. Bd2 f5 20. Qg3 Bxc5 21. Qe1 Bd6 22. Bxb4 c5 23. dxc5 Bxc5 24. Rd1 Qc4 25. Bxc5 Qxc5 26. Rc1 Qb6 27. g3 Qxb2 28. Rf2 Qb6 29. Rb1 Qc5 30. Rc1 Qe5 31. Qb4 Rac8 32. Qb3+ Kh8 33. Rd1 Qc3 34. Qxc3 Rxc3 35. Rxf5 Rb8 36. Re1 g6 37. Ra5 Rb6 38. Ra4 Re6 39. Rb4 Kg7 40. Rb7+ Kh6 41. h4 Kh5 42. Rxh7+ Kg4 43. Rh6 Rc2 44. h5 Kxg3 45. Rxg6+ Rxg6 46. hxg6 Rxa2 47. g7 Rg2+ 48. Kh1 Kh3 49. Ra1 Rxg7 50. Rxa6 Rc7 51. Ra1 Rc3 52. Re1 Kg3 53. Kg1 Kf3 54. Kf1 Rxe3 55. Rxe3+ Kxe3 56. Ke1 Kd3 57. Kd1 e3 58. Ke1 e2 0-1

[Event "FRA-ch U12"]
[Site "Le Grand Bornand"]
[Date "2003.??.??"]
[Round "4.3"]
[White "Nahed, Yann"]
[Black "Rigolot, Matthieu"]
[Result "1-0"]
[WhiteElo "1870"]
[BlackElo "1960"]
[PlyCount "43"]
[EventDate "2003.??.??"]
[EventType "swiss"]
[EventRounds "9"]
[EventCountry "FRA"]
[SourceTitle "EXT 2004"]
[Source "ChessBase"]
[SourceDate "2003.11.25"]
[SourceVersion "1"]
[SourceVersionDate "2003.11.25"]
[SourceQuality "1"]

1. e4 d5 2. exd5 Nf6 3. c4 e6 4. d4 exd5 5. Nc3 c6 6. Nf3 Bd6 7. h3 Qe7+ 8. Be3 Bf4 9. Qe2 Bxe3 10. Qxe3 Qxe3+ 11. fxe3 Bf5 12. g4 Bg6 13. cxd5 cxd5 14. g5 Be4 15. gxf6 Bxf3 16. fxg7 Rg8 17. Rg1 Ke7 18. Bd3 f5 19. Bxf5 Kf6 20. Bd3 Be4 21. Bxe4 dxe4 22. Nd5+ 1-0